000 00605nam a2200181Ia 4500
003 OSt
005 20200803103618.0
008 190216s9999||||xx |||||||||||||| ||und||
020 _a8177644629
040 _coclc
082 _a515.353
_bSTA/P
100 _aStavroulakis, Ioannis P
_93898
245 0 _aPartial Differential Equations:
_bAn Introduction With Mathematica and Maple /
_cIoannis P Stavroulakis ; Stephen A Tersian
260 _bAllied Publications,
_aNew Delhi:
_c2003.
300 _a297p
650 _aMathematics
942 _cBK
_2ddc
_h515.353
_iSTA/P
_k515.353
_mSTA/P
999 _c31967
_d31967